Geography Quiz

Random Geography or Asia Quiz

Cities Sorting Gallery VI Quiz Stats

 Plays Quiz Updated Sep 4, 2017

Challenge
Share
Tweet
Embed
Score 0/55 Timer 07:00
1 Play Today
% Correct
Brussels
96.9%
Antwerp
94.1%
Bruges
92%
Pyongyang
88%
P'yŏngsŏng
87.3%
Ghent
85%
Bucharest
82.1%
Liège
81.9%
Montevideo
81.7%
Ch'ŏngjin
81.2%
Kaesŏng
78.8%
Las Piedras
74.3%
Leuven
74.3%
Wŏnsan
73.4%
Ciudad de la Costa
72.6%
Khartoum
70.8%
Hamhŭng
70.3%
Ostend
69.6%
Bishkek
69.5%
Sariwŏn
69.4%
Port Sudan
69.2%
Rivera
67.7%
Mons
66.6%
Charleroi
66.3%
Brașov
64.1%
Maldonado
63.8%
Constanța
61.9%
Haeju
58.3%
% Correct
Salto
57.6%
Yaoundé
57.1%
Artigas
57%
Basseterre
54.4%
Cluj-Napoca
54.4%
Sandy Point Town
53.6%
Timișoara
53%
Iași
48%
Douala
44.8%
Moroni
44.2%
Bafoussam
42.6%
Namp'o
41%
Palikir
40.3%
Wad Madani
40%
Osh
37.5%
Omdurman
32.8%
Ubayyid
31.7%
Jalal-Abad
31.1%
Karakol
31%
Kassalā
30.4%
Namur
30%
Bamenda
29.2%
Nyālā
24.2%
Garoua
24%
Fomboni
23.9%
Moutsamoudou
21.7%
Paysandú
20.7%

You're not logged in!

Compare scores with friends on all Sporcle quizzes.
OR
Log In

You Might Also Like...

Show Comments

Extras

Top Quizzes Today


Score Distribution

Your Account Isn't Verified!

In order to create a playlist on Sporcle, you need to verify the email address you used during registration. Go to your Sporcle Settings to finish the process.

Report this User

Report this user for behavior that violates our Community Guidelines.

Details: